| 000 | 00416nam a22001817a 4500 | ||
|---|---|---|---|
| 999 |
_c531905 _d531905 |
||
| 003 | NUST | ||
| 005 | 20191030120520.0 | ||
| 020 | _a9788126530731 | ||
| 038 | _aMSOHAIL | ||
| 082 | _a621.4022 | ||
| 100 |
_aFraas, Arthur P. _925083 |
||
| 245 | _aHEAT EXCHANGER DESIGN (PB) | ||
| 250 | _a2nd ed. | ||
| 260 |
_aNew Delhi: _bWiley, _c2011. |
||
| 300 |
_a547 p. ; _b28 cm. |
||
| 500 | _aPaperback. | ||
| 942 |
_cBK _2ddc |
||